| 000 | 01292nam a2200253 a 4500 | ||
|---|---|---|---|
| 001 | 37762 | ||
| 003 | BD-RjUL | ||
| 005 | 20211209052641.0 | ||
| 008 | 150624s1951 ii 000 0bben | ||
| 035 | _a(BD-RjUL)37866 | ||
| 040 |
_aBD-RjUL _cBD-RjUL _dBD-RjUL _bben |
||
| 041 | _aben | ||
| 082 | 0 | 4 |
_a891.443 _bCHD 1951 |
| 100 |
_aচট্টোপাধ্যায়, বঙ্কিমচন্দ্র _9116961 |
||
| 245 |
_aদুর্গেশনন্দিনী / _cবঙ্কিমচন্দ্র চট্টোপাধ্যায় ; সম্পাদক শ্রীব্রজেন্দ্রনাথ বন্দ্যোপাধ্যায়, শ্রীসজনীকান্ত দাস. |
||
| 250 | _a২য় সং. | ||
| 260 |
_aকলিকাতা : _bবঙ্গীয়-সাহিত্য-পরিষৎ, _c১৯৫১. |
||
| 300 |
_a১৪৬ পৃ. ; _c২৪ সেমি. |
||
| 650 |
_aবাংলা সাহিত্য _vউপন্যাস _9116625 |
||
| 650 |
_aBengali literature _vNovels _9116939 |
||
| 700 |
_aবন্দ্যোপাধ্যায়, শ্রীব্রজেন্দ্রনাথ _9116962 |
||
| 700 |
_aদাস, শ্রীসজনীকান্ত _9116963 |
||
| 942 |
_2ddc _cBK _02 |
||
| 999 |
_c37762 _d37762 |
||